000
00293nam a22001337a 4500
082
_a
P-22
100
_a
Shameel Ahmed
_9
47740
245
_a
Use of admixtures for concrete
260
_a
MCE
_c
2000
300
_a
P-85
526
_a
0
_b
0
_c
0
_d
P_22
700
_a
Marwat
_9
47741
942
_2
ddc
_c
BK
999
_c
550892
_d
550892